Makeup Alphabet Breadcrumb Trail - Statistics

General Stats
  • This quiz has been taken 163 times
  • The average score is 9 of 21
Answer Stats
Letter Hint Answer % Correct
B Something that gives the cheek a flush of color Blush
95%
E Pigment used to outline the eyes Eyeliner
90%
C Complexion products put under the eyes Concealer
82%
G An expensive clothing brand that also has a makeup brand Gucci
68%
H Goes on top B Highlighter
68%
M A dull finish of makeup Matte
67%
S Liquid that makes makeup last longer Setting Spray
63%
A Brand famously known for its brow products Anastasia Beverly Hills
51%
K Brand owned by a famous reality show star Kylie Cosmetics
48%
D Opposite Of M Dewy
46%
R 2/2 of the best brands when it comes to pigmented B Rare Beauty
46%
N Buttergloss, Milky Gloss, Duck Plump Nyx Cosmetics
41%
L Can be M Lipstick
36%
T Brand that shares the name with a popular dessert Tarte Cosmetics
27%
U Famous brand with popular vintage products Urban Decay Cosmetics
27%
P Can be the cause of F Powder
22%
W A type of E Winged Eyeliner
19%
F _________ Mary! Flashback
17%
J 1/2 of the best brands when it comes to pigmented B Juvia's Place
13%
O Hairspray S? One Size
13%
Q Canadian makeup brand Quo Beauty
2%
No matching quizzes found
Score Distribution
Percent of People with Each Score
Percentile by Number Answered
Your Score History
You have not taken this quiz